[Event "EU-ch 6th"]
[Site "Warsaw"]
[Date "2005.06.28"]
[Round "10"]
[White "Pavasovic, Dusko"]
[Black "Wells, Peter K"]
[Result "0-1"]
[WhiteElo "2593"]
[BlackElo "2525"]
[Annotator "Rogozenco,D"]
[PlyCount "80"]
[EventDate "2005.06.18"]
[EventType "swiss"]
[EventRounds "13"]
[EventCountry "POL"]
[SourceTitle "CBM 108"]
[Source "ChessBase"]
[SourceDate "2005.09.26"]
[SourceVersion "1"]
[SourceVersionDate "2005.09.26"]
[SourceQuality "1"]

1. e4 c5 2. c3 Nf6 3. e5 Nd5 4. Nf3 Nc6 5. Bc4 Nb6 6. Bb3 c4 7. Bc2 d6 ({
The more popular alternative is} 7... Qc7 {One of the latest examples goes:} 8.
Qe2 g5 9. h3 Bg7 10. O-O Nxe5 11. Nxg5 d5 12. a4 Bd7 13. a5 Nc8 14. Nf3 Ng6 15.
d4 cxd3 16. Qxd3 e6 17. Re1 Nce7 18. a6 e5 19. axb7 Qxb7 20. Qa6 Qc7 21. Qa5
Qb7 {1/2-1/2 Tiviakov,S (2631)-Radjabov,T (2673)/Warsaw 2005}) 8. exd6 Qxd6 9.
O-O Bg4 10. Re1 Ne5 11. Rxe5 Bxf3 12. Qe1 Bd5 13. b3 e6 14. Ba3 Qc6 15. Rg5 $1
$146 (15. Bxf8 Kxf8 $13) 15... f6 16. Rg3 O-O-O 17. Bxf8 Rhxf8 18. Na3 $14 g6
19. bxc4 Bxc4 20. Nxc4 Nxc4 21. d3 Nb6 22. a4 e5 23. a5 Nd5 24. d4 Qc7 25. a6
b6 26. c4 Qxc4 $2 ({More chances to hold the position would have offered} 26...
Nf4 27. dxe5 Rfe8) 27. dxe5 Nf4 28. Re3 Kb8 29. e6 Qc6 (29... Nxe6 30. Bb3 $18)
30. Be4 Qxe6 31. Bf3 Qd7 32. Re7 Rfe8 33. Qe4 Ne2+ 34. Kf1 Qxe7 35. Qa8+ Kc7
36. Qc6+ (36. Qb7+) (36. Qxa7+) 36... Kb8 37. Qa8+ Kc7 38. Qb7+ ({Or} 38. Qxa7+
Kd6 39. Qxb6+ Ke5 40. Qe3+ Kd6 (40... Kf5 41. g4#) 41. Rd1+ Kc7 42. Qa7+ Kc8
43. Qa8+ Kc7 44. Qb7# $18) 38... Kd6 39. Rd1+ $4 {[%mdl 64] After a good game
Pavasovic spoils it in time trouble. Now black king can hide on f7.} ({White
had a forced mate instead:} 39. Qc6+ Ke5 40. Qe4+ Kd6 41. Rd1+ Kc5 42. Qc2+ Kb5
43. Rb1+ Qb4 44. Qc6+ Ka5 45. Ra1+) 39... Ke6 40. Re1 Kf7 $19 0-1

[Event "Wch U20"]
[Site "Yerevan"]
[Date "2007.10.12"]
[Round "9"]
[White "Khamrakulov, Djurabek"]
[Black "Vovk, Yuri"]
[Result "1-0"]
[WhiteElo "2357"]
[BlackElo "2561"]
[Annotator "Rogozenco,D"]
[PlyCount "105"]
[EventDate "2007.10.03"]
[EventType "swiss"]
[EventRounds "13"]
[EventCountry "ARM"]
[SourceTitle "CBM 121"]
[Source "ChessBase"]
[SourceDate "2007.11.14"]
[SourceVersion "1"]
[SourceVersionDate "2007.11.14"]
[SourceQuality "1"]

1. e4 c5 2. c3 Nf6 3. e5 Nd5 4. d4 cxd4 5. Nf3 Nc6 6. cxd4 d6 7. Bc4 Nb6 8. Bb5
Bd7 {This variation is slowly, but firmly gaining popularity. It leads to
reasonable positions for Black and its main advantage is that, unlike the main
continuation 8...dxe5, 8...Bd7 has less theory and offers Black more fighting
possibilities.} 9. Nc3 {Probably the most principled continuation.} (9. exd6 e6
$11) 9... dxe5 10. dxe5 (10. d5 $5) 10... g6 (10... a6 {is inaccurate, since
it weakens the knight on b6. After} 11. Be2 {Black doesn't have a convenient
way to complete development:} g6 (11... Bg4 12. Be3 Qxd1+ 13. Rxd1 Nd7 14. h3
Bxf3 15. e6 $1 $16) (11... e6 12. O-O Be7 13. Be3 O-O 14. a3 $16 {[%csl Rb6]})
12. Be3 {[%csl Rb6][%cal Gd1b3]}) 11. O-O Bg7 12. Qe2 O-O 13. h3 a6 14. Bd3 Be6
$146 (14... Rc8 15. Rd1 Qc7 16. Bf4 Be6 17. Be4 Nxe5 18. Rac1 Bc4 19. Qe3 Nxf3+
20. Bxf3 e5 21. Bh2 Rfd8 22. b3 Bb5 23. Rxd8+ Qxd8 24. Bxe5 Bxe5 25. Qxe5 Bc6
26. Bxc6 Rxc6 27. Rd1 {1/2-1/2 Spitz,P-Plantet,M/France Corr 1989}) 15. a3 {
In this variation White's main concern is his e5-pawn, which can be easily
attacked by most black pieces; therefore he can't allow himself the luxury of
making moves like 15.a3. Now Black achieves by force a comfortable position.} (
15. Ng5 $142 Nxe5 16. Nxe6 fxe6 17. Bc2 $44) ({After} 15. Rd1 Qc7 16. Bf4 Nd7
17. Rac1 {Black can take the pawn} Ndxe5 {since White has nothing concrete and
must search for different forms of compensation.} 18. Ng5 $5 $44) 15... Nd7 16.
Bf4 Ndxe5 $1 {Cleverly exploiting the fact that the Bd3 needs the queen's
protection.} 17. Nxe5 Nxe5 18. Bxa6 {Forced, otherwise White is just a pawn
down.} (18. Bxe5 Bxe5 19. Qxe5 Qxd3 $17) 18... Qd4 {Black has several
attractive options to achieve comfortable positions, but everywhere exchanges
of pieces are inevitable and the draw is the most likely outcome.} (18... Rxa6
19. Bxe5 Bc4 20. Qxc4 Bxe5 $11 {/=/+}) 19. Bxe5 Qxe5 20. Qxe5 Bxe5 21. Bxb7
Rab8 22. Bf3 Rxb2 23. Nd5 Rb3 ({Perhaps some more chances would have been
offered by} 23... Bxd5 24. Bxd5 Bd4 $15) 24. Nxe7+ Kg7 25. Rad1 Rxa3 26. Nc6
Bc3 27. Bd5 $11 {The endgame is of course a draw, but it is still interesting
because of its final part.} Bc8 28. f4 Re8 29. Rf3 Ba6 30. Rb1 Be2 $6 {In his
desire to play for a win (without objective reasons to do so) Black will soon
allow White to activate his rooks.} 31. Rg3 h5 32. Rb7 h4 33. Rxf7+ Kh6 34. Rg5
Ra1+ 35. Kh2 Bh5 {This move is difficult to explain.} (35... Bd2 {(threatening
to take on f4 and then on g5)} 36. g3 (36. Re5 $2 {suddenly runs into} Be1 $1
37. g4 hxg3+ 38. Kg2 Bf2 $1 {[%cal Ga1g1]} 39. h4 Bf1+ 40. Kf3 Ra3+ 41. Kg4 g2
42. Bxg2 Rg3#) 36... hxg3+ 37. Rxg3 Rf1 $11) (35... Be1 36. Ne7 Bg3+ 37. Rxg3
hxg3+ 38. Kxg3 $11) 36. Ne7 Be1 $2 {[%mdl 64] Black doesn't sense the danger
to his own king.} ({The draw is still achieved by force after} 36... Rxe7 $1
37. Rxe7 Bd2 $1 {and White must give back his extra material:} 38. Rxh5+ (38.
Re4 Bxf4+ 39. Rxf4 Kxg5 $11) (38. g3 hxg3+ 39. Kxg3 Bxf4+ $1 40. Kxf4 Rf1+ $11)
38... gxh5 39. g3 (39. Rf7 Rf1 $11) 39... hxg3+ 40. Kxg3 Rf1 $11) 37. Nf5+ $1 {
Now it is White who starts a winning attack.} gxf5 38. Rf6+ Kh7 39. Rxh5+ Kg7
40. Rf7+ Kg6 41. Rg5+ Kh6 42. Rf6+ Kh7 {The last 6 moves were forced. Now
White finds another nice blow.} 43. Bg8+ $1 {A very impressive attack in the
endgame, punishing Black for his over-ambitious play.} Rxg8 44. Rf7+ Kh6 (44...
Kh8 45. Rh5#) 45. Rxg8 $18 Ra3 (45... Bg3+ 46. Rxg3 hxg3+ 47. Kxg3 {is of
course hopeless as well.}) 46. Rfg7 Bd2 47. Rg6+ Kh7 48. R8g7+ Kh8 49. Rf7 Be1
(49... Bxf4+ 50. Kg1 Ra1+ 51. Kf2 Bg3+ 52. Ke3 $18) 50. Kg1 Bg3 51. Kf1 Re3 52.
Rxg3 Re1+ 53. Kxe1 1-0

[Event "ROM-chT"]
[Site "Eforie Nord"]
[Date "2000.12.18"]
[Round "1"]
[White "Istratescu, Andrei"]
[Black "Moldovan, Daniel"]
[Result "1/2-1/2"]
[WhiteElo "2578"]
[BlackElo "2420"]
[Annotator "Rogozenco,D"]
[PlyCount "50"]
[EventDate "2000.12.18"]
[EventType "team"]
[EventRounds "5"]
[EventCountry "ROU"]
[SourceTitle "CBM 081"]
[Source "ChessBase"]
[SourceDate "2001.03.20"]
[SourceVersion "1"]
[SourceVersionDate "2001.03.20"]
[SourceQuality "1"]
[WhiteTeam "Bucharest RGA"]
[BlackTeam "Brasov Dinamo"]
[WhiteTeamCountry "ROU"]
[BlackTeamCountry "ROU"]

1. e4 c5 2. Nf3 Nc6 3. c3 d5 4. exd5 Qxd5 5. d4 Nf6 6. Be3 cxd4 7. cxd4 e6 8.
Nc3 Qd6 9. a3 Be7 10. Bd3 O-O 11. Qc2 g6 (11... Bd7 12. O-O Rac8 13. Rad1 a6
14. Rfe1 b5 15. Bg5 h6 16. Bxf6 Bxf6 17. Ne4 Qf4 18. Nxf6+ Qxf6 19. Qe2 Rfd8
20. Qe4 g6 21. Qe3 Be8 22. Rc1 Kg7 $11 {1/2-1/2 Smagin,S-Schleifer,M/Montreal
2000/ (44)}) 12. Rc1 a6 (12... Bd7) 13. O-O e5 $5 {A very direct way to solve
the opening problems. Black plays for a draw and he succeeded it without
troubles at all in this game.} 14. dxe5 (14. Ne4 $5 Nxe4 15. dxe5 $1 {The
point.} Nxe5 16. Bxe4 $14 {White is slightly better thanks to his lead in
development.}) 14... Nxe5 15. Nxe5 Qxe5 {Black still has to finish development,
but it is very unlikely that White can use the time factor.} 16. Ne2 (16. Rfe1
$6 Ng4 $1 17. g3 Qh5 $15) 16... Bd7 17. Bf4 Qd5 18. Bc4 (18. Rfd1 Bc6 19. f3
Qa5 20. Nd4 Ba4 21. b3 Bd7 $11) 18... Qf5 19. Qxf5 (19. Qb3 b5 20. Bd3 Qd5 $11
21. Qxd5 Nxd5 22. Be4 $140 Nxf4) 19... Bxf5 20. Nd4 (20. Rfe1 Rfe8) (20. Ng3
Bd7 $11) 20... Be4 21. Rfe1 Rfe8 22. f3 Bd5 23. Bg5 Bxc4 24. Rxc4 (24. Rxe7
$142 Rxe7 25. Bxf6 Re6 (25... Rc7 26. b3 $16) 26. Nxe6 Bxe6 27. Rc7 $14) 24...
Kg7 $11 25. Kf1 (25. Rc7 {brings nothing as well:} Bd6 26. Ne6+ $140 Kg8) 25...
Bd6 1/2-1/2

[Event "Pula zt 1.2"]
[Site "Pula"]
[Date "2000.04.12"]
[Round "2"]
[White "Sermek, Drazen"]
[Black "Avrukh, Boris"]
[Result "1-0"]
[WhiteElo "2517"]
[BlackElo "2620"]
[Annotator "Rogozenco,D"]
[PlyCount "85"]
[EventDate "2000.04.11"]
[EventType "swiss"]
[EventRounds "11"]
[EventCountry "CRO"]
[SourceTitle "CBM 077"]
[Source "ChessBase"]
[SourceDate "2000.07.27"]
[SourceVersion "1"]
[SourceVersionDate "2000.07.27"]
[SourceQuality "1"]

1. e4 c5 2. c3 d5 3. exd5 Qxd5 4. d4 Nf6 5. Nf3 Bg4 6. Qa4+ Bd7 7. Qb3 cxd4 8.
Nxd4 (8. Bc4 Qe4+ 9. Kf1 e6 10. Nbd2 Qc6 11. Nxd4 Qc7 12. N2f3 Nc6 $11 {
0-1 Vysochin,S-Lerner,K/Bydgoszcz POL 2000/ (75)}) 8... Nc6 {This is probably
the most precise move order to equalize immediately.} (8... e6 9. Be3 Nc6 10.
Nb5 Qe5 11. Nd2 a6 12. Nf3 Qb8 13. Nbd4 Nd5 14. O-O-O Nxe3 15. fxe3 Qc7 16. Bd3
Be7 17. h4 $13 {1-0 Rozentalis,E-Degraeve,J/Belfort 1998 (30)}) 9. Be3 Na5 $11
{The whole variation played by White is not ambitious at all and leads to
equal ending.} 10. Qxd5 Nxd5 11. Bc1 (11. Bd2 Rc8 12. b3 e5 13. Nc2 Nf4 14. g3
Ne6 15. Bg2 Bc6 $15 {0-1 Vega Holm,F-Romero Holmes,A/Oropesa del Mar 1996/ (48)
}) 11... e5 12. Nb3 Nc6 {Black tries to keep more pieces on the board, which
is the right decision according to the fact that he has some space advantage.}
(12... Nxb3 13. axb3 $11 {/=/+.}) 13. N1d2 $15 f5 (13... O-O-O 14. g3 Bg4 15.
Bg2 Be7 16. O-O f5 $15) 14. g3 Be6 15. Bg2 g5 {Gaining more space. In my
opinion it is not necessary to play it so quick, as the pawns may become
vulnerable.} (15... O-O-O 16. O-O Be7 17. Re1 Rhe8 18. Nc4 e4 $15) 16. O-O
O-O-O 17. Re1 g4 (17... h6 $142 18. Nc4 e4) 18. Nc4 e4 19. Bg5 Rd7 (19... Be7
20. Bxe7 Ndxe7 21. Ne3 $11) 20. Bf1 h6 21. Bh4 Rhh7 22. h3 h5 23. Bg5 gxh3 $6
24. Bh4 (24. Bxh3 Rdg7 $36) 24... Rdg7 25. Kh2 Kc7 26. Bxh3 Be7 27. Rad1 $13 {
[%csl Rd5,Rf5] Black's wing play turned out to be quite dangerous for Black
too. Many weak squares in the center make Black's position quite vulnerable.}
Nf6 $2 {A blunder in complicated position.} (27... Bxh4 28. Nc5 $1 (28. gxh4
Nf6 29. Nd6 Ne5 $40) 28... Bg8 29. gxh4 $13) 28. Bxf6 $1 Bxf6 29. Nd6 $18 {
[%csl Rf5][%cal Gd6e8]} h4 30. Ne8+ Kb6 31. Nxf6 $1 (31. Nxg7 hxg3+ 32. fxg3
Bxg7 33. Rd6 $16) 31... hxg3+ 32. fxg3 Rh6 33. Rd6 $1 Rxf6 34. Nd4 Rgg6 35.
Rxe6 Rxe6 36. Nxe6 Rxe6 37. Bxf5 Rd6 38. Re2 e3 39. Kg2 Kc5 40. Kf3 Rf6 41. g4
Ne7 42. Rxe3 Nxf5 43. Re5+ 1-0

[Event "ROM-chT"]
[Site "Eforie Nord"]
[Date "2000.12.21"]
[Round "4"]
[White "Vajda, Levente"]
[Black "Moraru, Marius"]
[Result "1/2-1/2"]
[WhiteElo "2447"]
[BlackElo "2302"]
[Annotator "Rogozenco,D"]
[PlyCount "37"]
[EventDate "2000.12.18"]
[EventType "team"]
[EventRounds "5"]
[EventCountry "ROU"]
[SourceTitle "CBM 081"]
[Source "ChessBase"]
[SourceDate "2001.03.20"]
[SourceVersion "1"]
[SourceVersionDate "2001.03.20"]
[SourceQuality "1"]
[WhiteTeam "Bucharest RAT"]
[BlackTeam "Brasov Dinamo"]
[WhiteTeamCountry "ROU"]
[BlackTeamCountry "ROU"]

1. e4 c5 2. c3 d5 3. exd5 Qxd5 4. d4 Nf6 5. Nf3 Bg4 6. Nbd2 {The line which
was popular several years ago lost its attraction nowardays. The talented
Romanian IM Levente Vajda played it several times with White, every time
trying to improve somewhere, but his results were rather sad.} Nc6 7. Bc4 Bxf3
8. Qb3 (8. gxf3 Qf5 $1 {and Black scored very well in the practice.}) 8... Na5
{A safe way to equalize.} (8... Bxg2 $6 9. Bxd5 Bxd5 10. Qxb7 Nxd4 11. Qa6 Nc2+
12. Ke2 Nxa1 13. Rd1 Rd8 14. Qa4+ Nd7 15. Nf3 Be6 16. Bf4 $36 {1-0 Nisipeanu,
L-Kiselev,S/Bucharest 1997/ (30)}) 9. Qb5+ (9. Bxd5 Nxb3 {was fine for Black
in Shirov,A-Polgar,J/Dos Hermanas 1997 (61)}) 9... Qd7 10. Nxf3 Nxc4 11. Qxc4
cxd4 12. Qxd4 (12. Nxd4 e6 $11 13. O-O Be7 14. Qe2 (14. Bg5 O-O 15. Rfd1 Rfd8
16. Qe2 Qc7 17. c4 a6 $11 {0-1 Vajda,L-Moldovan,D/Timisu de Sus 1998/ (47)})
14... O-O 15. Rd1 Qc7 16. Nb5 Qc6 17. Bg5 a6 18. Nd4 Qc5 19. Be3 Qc7 $11 {
0-1 Vajda,S-Petrenko,S/Sovata 2000/ (88)}) 12... e6 13. Be3 Qxd4 14. Bxd4 Nd7
15. O-O-O f6 16. Rhe1 e5 17. Nh4 {[%cal Gf2f4] Looks like White succeeded in
creating some threats, but with the next moves Black neutralizes completely
White's activity.} g6 $1 18. f4 Bh6 19. Be3 (19. Be3 O-O-O $11) 1/2-1/2

[Event "RUS-chT 07th"]
[Site "Smolensk"]
[Date "2000.04.24"]
[Round "10"]
[White "Garagulya, Konstantin"]
[Black "Ionov, Sergey"]
[Result "1/2-1/2"]
[WhiteElo "2416"]
[BlackElo "2558"]
[Annotator "Rogozenco,D"]
[PlyCount "46"]
[EventDate "2000.04.15"]
[EventType "team-tourn"]
[EventRounds "11"]
[EventCountry "RUS"]
[SourceTitle "CBM 077"]
[Source "ChessBase"]
[SourceDate "2000.07.27"]
[SourceVersion "1"]
[SourceVersionDate "2000.07.27"]
[SourceQuality "1"]
[WhiteTeam "Novosibirsk Transsib"]
[BlackTeam "Sankt Petersburg Chess Federation"]
[WhiteTeamCountry "RUS"]
[BlackTeamCountry "RUS"]

1. e4 c5 2. c3 Nf6 3. e5 Nd5 4. g3 {A speciality of Rozentalis. White just
develops his pieces not necessary aiming for opening advantage.} d6 5. exd6 e6
6. Bg2 Bxd6 7. Nf3 Nc6 8. d4 {leads to equal positions.} (8. O-O O-O 9. Na3 {
is another direction in this line.}) 8... cxd4 9. Nxd4 Nxd4 10. Qxd4 O-O 11.
O-O Qc7 $11 12. Nd2 Bd7 (12... Rd8 {is a good alternative.} 13. Qc4 (13. Ne4
Be7 14. Qa4 a5 15. Ng5 h6 16. Nf3 b5 17. Qe4 Bf6 18. Nd4 Rb8 19. Qg4 b4 20.
Bxh6 bxc3 21. bxc3 Qxc3 22. Rad1 Rb4 23. Bxg7 Bxg7 {0-1 Kroeze,F-Van Wely,L/
Leeuwarden 1997}) 13... Rb8 14. a4 Bd7 15. Qe2 Rbc8 16. Re1 h6 17. Nf1 Bc6 $11
{0-1 Proehl,H-Andersson,U/Germany 2000/(40)}) 13. Ne4 (13. Qc4 Bc6 14. Qe2 Rfe8
15. Nf3 a6 16. c4 Nf6 17. b3 e5 18. Bb2 Bxf3 19. Qxf3 e4 20. Qe2 Be5 21. Rad1
Bxb2 22. Qxb2 Re5 23. Rfe1 Rae8 24. Qd4 h5 25. Re2 Qa5 26. Qd2 Qc5 27. Qd4 Qa5
28. Qd2 Qc5 29. Qd4 {1/2-1/2 Proehl,H-Schandorff,L/Germany 1999}) 13... Be5 14.
Qc5 (14. Qd3 Rac8 15. Re1 (15. Ng5 g6 16. Re1 Bg7 17. Nf3 a6 $11 {1/2-1/2
Makarov,M-Poluljahov,A/Orel 1997/(27)}) 15... Bc6 16. Qe2 b5 17. Bd2 Nf6 18.
Bg5 Nxe4 19. Bxe4 Bd6 20. Rad1 h6 21. Bxc6 Qxc6 22. Qd2 hxg5 23. Qxd6 Qxd6 24.
Rxd6 Rfd8 25. Red1 $11 {1/2-1/2 Sivokho,S-Aseev,K/St. Petersburg 1998/(43)})
14... Qb8 15. Qc4 Bc6 16. Qe2 Qc7 17. f4 Bf6 18. Nxf6+ Nxf6 $11 19. Be3 Bxg2
20. Kxg2 Qc6+ 21. Qf3 Ne4 22. Rfd1 Rfd8 23. Kg1 a6 1/2-1/2

[Event "Corus"]
[Site "Wijk aan Zee"]
[Date "2007.01.20"]
[Round "7"]
[White "Tiviakov, Sergei"]
[Black "Karjakin, Sergey"]
[Result "1/2-1/2"]
[WhiteElo "2667"]
[BlackElo "2678"]
[Annotator "Rogozenco,D"]
[PlyCount "41"]
[EventDate "2007.01.13"]
[EventType "tourn"]
[EventRounds "13"]
[EventCountry "NED"]
[EventCategory "19"]
[SourceTitle "CBM 117"]
[Source "ChessBase"]
[SourceDate "2007.03.30"]
[SourceVersion "1"]
[SourceVersionDate "2007.03.30"]
[SourceQuality "1"]

{In the past years Sergei Tiviakov scored well against Sicilian with the help
of the Alapin System. However, on the long run 2.c3 is hardly the optimal
choice for a top GM, since it leads to simple positions with limited active
possibilities for White. In Corus 2007 Tiviakov failed to set any opening
problems against well-prepared opponents.} 1. e4 c5 2. c3 Nf6 3. e5 Nd5 4. Nf3
Nc6 5. d4 ({In the first round Tiviakov postponed the advance of the d-pawn:} 
5. Bc4 Nb6 6. Bb3 d5 7. exd6 Qxd6 8. Na3 a6 ({Not} 8... e6 {as Carlsen played
against Tiviakov in the past.} 9. d4 $14) ({A reasonable alternative is} 8...
Be6 {although after} 9. d4 (9. O-O Bxb3 $11 {[%csl Rd2][%cal Gd6d3]}) 9... cxd4
(9... Bxb3 10. Qxb3 cxd4 11. Nb5 {is slightly better for White}) 10. Nb5 (10.
O-O dxc3 $11) 10... Qd7 {White has several attempts to fight for the
initiative. For instance:} 11. Bxe6 ({Deserves attention also} 11. O-O Bxb3 12.
axb3 e6 13. Bf4 $5 Nd5 14. Bg3 $36) 11... Qxe6+ 12. Be3 $1 Qd7 13. Nbxd4 {
and Black still has to work before reaching full equality.}) 9. O-O Bf5 {
Carlsen came well prepared this time and goes for a sharp variation, where
Whte is practically forced to sacrifice a pawn for the initiative.} 10. d4 cxd4
11. Nxd4 Nxd4 12. cxd4 e6 13. Qf3 Qd7 14. d5 {Otherwise White can end up in a
worse position.} Nxd5 15. Rd1 Bxa3 16. bxa3 O-O 17. h4 (17. Bxd5 exd5 18. Rxd5
{does not win the piece because of the back rank weakness.} Qe7 $11) 17... Rac8
$1 {All these are best moves for Black.} 18. Bxd5 ({More ambitious is} 18. Rd2
$44) 18... exd5 19. Rxd5 Qe6 20. Rxf5 Qe1+ 21. Kh2 Rxc1 $11 22. Rxc1 Qxc1 23.
Qxb7 Qxa3 24. Qd5 {1/2-1/2 Tiviakov,S (2667)-Carlsen,M (2690)/Wijk aan Zee 2007
}) 5... cxd4 6. cxd4 d6 7. Bc4 Nb6 8. Bb5 dxe5 9. Nxe5 Bd7 10. Nxd7 Qxd7 11.
Nc3 e6 12. O-O {One of the Alapin Sicilian variations where White is trying to
squeeze an advantage out of a marginally better position.} Rd8 {Lately this
has established itself a more reliable option than the main 12...Be7. Another
good possibility is 12...a6.} (12... Be7 13. Qg4 O-O 14. Bxc6 $1 bxc6 15. Bh6
Bf6 16. Rfd1 {followed by Nc3-e4 leaves White with the initiative.}) 13. Be3 {
This continuation justifies Black's choice of the previous move. The only
attempts to underline drawbacks of 12...Rd8 can be connected with Bc1-g5,
although according to the current state of theory Black is able to neutralize
them.} (13. a4 Be7 (13... a6 14. Bxc6 Qxc6 15. Bg5 f6 16. Be3 Be7 17. Qh5+ g6
18. Qh6 Kf7 19. Rfc1 Nd5 20. Nxd5 Qxd5 21. Rc7 Rd7 22. Rac1 $13 Rxc7 23. Rxc7
Qa5 24. Rxe7+ Kxe7 25. Qg7+ Kd6 26. Bf4+ Kd5 $2 (26... Kc6 $11) 27. Qxb7+ $2 ({
White could win by force with} 27. Qd7+ Ke4 (27... Kc4 28. Qxe6+ Kxd4 29. Be3+
Kd3 30. Qb3+ Ke4 31. Qc4+ Ke5 32. Bf4+ Kf5 33. g4+ $18) 28. Qxe6+ Kxf4 29. h3
$18) 27... Kc4 28. b3+ Kc3 29. Qc6+ Kb2 30. Qxe6 Qf5 31. Qxf5 gxf5 32. d5 Rd8
33. d6 Kxb3 34. a5 Ka4 {0-1 Sebag,M (2471)-Karjakin,S (2672)/Cap d'Agde (rapid)
2006}) 14. a5 Nd5 15. a6 Ndb4 $1 16. axb7 Qxb7 17. Qb3 Rd7 18. Ra4 O-O 19. Bxc6
Nxc6 20. Qxb7 Rxb7 $11 {1/2-1/2 Nisipeanu,L (2690)-Fedorov,A (2617)/Fuegen
2006 (34)}) (13. Bg5 Be7 14. Bxe7 Qxe7 15. Qf3 O-O 16. Bxc6 bxc6 17. Qxc6 Rxd4
$11 {1-0 Maksimenko,A (2499)-Damljanovic,B (2625)/Zlatibor 2006 (55)}) 13...
Be7 14. Qg4 (14. Qf3 a6 15. Bxc6 Qxc6 16. Qxc6+ bxc6 17. Rac1 Rb8 18. Ne4 Kd7
$11 {1/2-1/2 Yudin,S (2508)-Fedorov,A (2624)/Moscow 2007 (53)}) 14... O-O {
Comparing with the line 12...Be7 (see above) the inclusion of Rad8 for Black
and Be3 for White obviously favours the second player.} 15. Rad1 g6 $146 {
A good novelty, neutralizing White's idea Be3-h6 and preparing against the
retreat of the bishop on d3. This is more precise than 15...Rfe8.} (15... f5 $5
$13 {is another reasonable way to prevent White's attacking intentions, but in
opposite to the game it creates more weaknesses.  After other moves White
keeps better prospects.}) (15... Kh8 16. Rfe1 (16. Qh3 Nd5 17. Bd3 f5 18. Bc4
$13 {/+/=, 1/2-1/2 Howell,J (2320)-Horvath,C/Groningen 1984 (60)}) (16. d5 exd5
17. Qxd7 Rxd7 18. Bxb6 axb6 19. Rxd5 Rxd5 20. Nxd5 Bc5 21. Re1 g6 {1/2-1/2
Simacek,P (2501)-Stocek,J (2566)/Praha 2007}) 16... a6 17. Bd3 f5 18. Qh3 Bf6
19. d5 Nxd5 20. Bxf5 exf5 21. Rxd5 Qc8 22. Qxf5 Qxf5 23. Rxf5 $14 {1-0 Glek,I 
(2576)-Grebionkin,V (2463)/Dos Hermanas (Internet, blitz) 2003 (80)}) (15...
Nd5 16. Bh6 Bf6 17. Ne4 Qe7 18. Bxc6 bxc6 19. h4 $36 {1-0 Blauert,J (2369)
-Matzat,A (2175)/Oberland 2003 (24)}) (15... Rfe8 16. d5 $5 Nxd5 17. Bxa7 Qc7
18. Nxd5 exd5 19. Bd4 $14) 16. Rfe1 (16. Bh6 Rfe8 $11) (16. d5 Nxd5 (16... exd5
17. Qxd7 Rxd7 18. Bxb6 axb6 19. Nxd5 $36) 17. Bxa7 Qc7 18. Nxd5 exd5 19. Be3 (
19. Bd4 Nxd4 $11) 19... Bf6 20. Rd2 d4 21. Bh6 Rfe8 $11) 16... a6 17. Bd3 Bf6 {
Black ideally placed his pieces against the isolated pawn and without any
targets for attack Tiviakov decides to simplify the position.} 18. Be4 ({
White could keep the pressure with} 18. Ne4 Bg7 (18... Bxd4 19. Nf6+ $1 Bxf6
20. Bxb6 Qe7 21. Bxd8 Rxd8 $14) (18... Nd5 19. Nxf6+ Nxf6 20. Qh4 $14) 19. Qh4
Nd5 20. Bc4 $13 {/=}) 18... Nxd4 (18... Bxd4 $2 19. Bxc6 $18) (18... Nd5 19.
Bh6 Bg7 (19... Rfe8 $2 20. Bxd5 exd5 21. Qxd7 $18) 20. Bxg7 Kxg7 $11) 19. Bxb7
{The correct move order.} (19. Bxd4 Bxd4 20. Bxb7 $2 (20. Qf3 Qc7 21. Bxb7 Nc4
22. Bxa6 Nxb2 23. Rc1 Qa5 $15) 20... Bxf2+ $17) 19... Qxb7 20. Bxd4 Bxd4 21.
Rxd4 1/2-1/2